|
|
|
|
| LEADER |
00830nam a2200229 i 4500 |
| 001 |
misc60387 |
| 005 |
20210810143006.0 |
| 008 |
210810s1931 hu o 0|| hun d |
| 040 |
|
|
|a SZTE Miscellanea Repozitórium
|b hun
|
| 041 |
|
|
|a hun
|
| 245 |
0 |
0 |
|a Magyar polgári törvénykezésijogi jegyzetek
|h [elektronikus dokumentum] :
|b tekintettel a Ppn.- és a T.E.-re
|
| 260 |
|
|
|a Szent István Társulat
|b Szeged
|c 1931
|
| 300 |
|
|
|a 86 p.
|c 32 cm
|
| 650 |
|
4 |
|a Társadalomtudományok
|
| 650 |
|
4 |
|a Jogtudomány
|
| 650 |
|
4 |
|a Jog, kriminológia, büntetéstudomány
|
| 650 |
|
4 |
|a Magánjog, közjog és szociális jog
|
| 695 |
|
|
|a Polgári jog - magyar - jegyzet
|
| 700 |
0 |
2 |
|a Surányi Unger Tivadar
|
| 700 |
0 |
2 |
|a Gosztonyi Pál
|
| 700 |
0 |
2 |
|a Joannovics Ferenc
|
| 856 |
4 |
0 |
|u http://misc.bibl.u-szeged.hu/60387/1/xd_3208.pdf
|z Dokumentum-elérés
|